| 000 | 00547nam a2200133Ia 4500 | ||
|---|---|---|---|
| 008 | 160809s9999 xx 000 0 und d | ||
| 100 | _aSavaria, Elizabeth. | ||
| 245 | _aIF ONLY I HAD KNOWN...: YOUNG PEOPLESĀ“ PARTICIPATION IN THE CONSTRUCTION OF THEIR LEARNING DISABILITY LABELS | ||
| 245 | _cElizabeth Savaria Kathryn Underwood Delia Sinclair Ryerson University. | ||
| 260 | _bInternational Journal of Special Education | ||
| 260 | _c2011 | ||
| 650 | _xSPECIAL EDUCATION | ||
| 856 | _uhttp://www.internationaljournalofspecialed.com/issues.php | ||
| 999 |
_c300428 _d300428 |
||